000 01232namaa22003131i 4500
005 20260628114729.0
008 260628s1994 ua a|||frm||| 000 0 eng d
040 _aEG-GICUC
_beng
_cEG-GICUC
_dEG-GICUC
_erda
041 0 _aeng
_beng
_bara
049 _aDeposite
097 _aM.Sc
099 _aCai01.11.01.M.Sc.1994.Im.A.
100 0 _aIman Mohamed Ahmed Saadawy,
_epreparation.
245 1 0 _aAnaesthesia And Obstructive Sleep Apnoea /
_cBy Iman Mohamed Ahmed Saadawy; Supervised By Assist Prof.Dr. Amr Zaky Mansour, Assist Prof.Dr. Sherif Moustafa.
246 1 5 _aالأنسداد اللاتنفسي أثناء النوم /
264 0 _c1994.
300 _a183 pages :
_billustrations ;
_c30 cm. +
336 _2rda content
_atext
337 _2rdamedia
_aUnmediated
338 _2rdacarrier
_avolume
502 _aThesis (M.Sc.) -Cairo University, 1994.
504 _aBibliography: pages 132-183.
653 0 _aAnaesthesiology
700 0 _aAmr Zaky Mansour
_ethesis advisor.
700 0 _aSherif Moustafa
_ethesis advisor.
900 _DDepartment of Anaesthesiology
_FFaculty of Medicine
_UCairo University
_b1994
_cAmr Zaky Mansour
_cSherif Moustafa
905 _aEman El gebaly
942 _2ddc
_cTH
_e21
_n0
999 _c180630